The WSC map users guide (Record no. 8842)

000 -LEADER
fixed length control field 00313nam a22001217a 4500
040 ## - CATALOGING SOURCE
Transcribing agency HS
082 ## - DEWEY DECIMAL CLASSIFICATION NUMBER
Classification number 169
110 ## - MAIN ENTRY--CORPORATE NAME
Corporate name or jurisdiction name as entry element CENTRE FOR DEVELOPMENT AND ENVIRONMENT(CDE)
245 ## - TITLE STATEMENT
Title The WSC map users guide
260 ## - PUBLICATION, DISTRIBUTION, ETC. (IMPRINT)
Place of publication Switzerland
Name of publisher Centre for development and environment (CDE)
Year of publication 1997
300 ## - PHYSICAL DESCRIPTION
Number of Pages 78p;
942 ## - ADDED ENTRY ELEMENTS (KOHA)
Koha item type សៀវភៅភាសាអង់គ្លេស
952 ## - LOCATION AND ITEM INFORMATION (KOHA)
Withdrawn status [LOCAL, KOHA] 0
952 ## - LOCATION AND ITEM INFORMATION (KOHA)
Withdrawn status [LOCAL, KOHA] 0
952 ## - LOCATION AND ITEM INFORMATION (KOHA)
Withdrawn status [LOCAL, KOHA] 0
952 ## - LOCATION AND ITEM INFORMATION (KOHA)
Withdrawn status [LOCAL, KOHA] 0
Holdings
Permanent Location Date acquired Koha item type Lost status Barcode Shelving location Current Location Full call number
Library Block C2016-08-16សៀវភៅភាសាអង់គ្លេស RUA045830 Library Block C1698 CDE 1997
Library Block C2016-08-16សៀវភៅភាសាអង់គ្លេស RUA045444 Library Block C1698 CDE 1997
Library Block C2016-08-31សៀវភៅភាសាអង់គ្លេស RUA062011C022Library Block C169 CDE 1997 C022
Library Block C2016-08-31សៀវភៅភាសាអង់គ្លេស RUA062465C022Library Block C169 CDE 1997 C022
មជ្ឈមណ្ឌលឯការនៃសាកលវិទ្យាល័យភូមិន្ទកសិកម្មចំការដូង

Powered by Koha